000 00744pab a2200157 454500
008 180718b2002 xxu||||| |||| 00| 0 eng d
100 _aRao, S. Srinivasa
245 _aDalits in education and workforce
260 _c2002
300 _ap.2998-3000.
362 _a20 Jul
520 _aDespite constitutional provisions and safeguards, dalit representation in higher educational institutes and in the workforce remains largely minimal. State intiated programmes and policies apart, it is also essential, as a recent conference in Bhopal highlighted, to instill respect for diversity and a greater understanding of the disadvantaged. - Reproduced.
650 _aBackward classes
773 _aEconomic and Political Weekly
909 _a53160
999 _c53160
_d53160